[Event "W-ch U20"]
[Site "Athens"]
[Date "2001.08.25"]
[Round "9"]
[White "Sargissian, Gabriel"]
[Black "Azarov, Sergei"]
[Result "1-0"]
[WhiteElo "2514"]
[BlackElo "2461"]
[PlyCount "63"]
[EventDate "2001.08.16"]
[EventType "swiss"]
[EventRounds "13"]
[EventCountry "GRE"]
[Source "Fruth,M"]
[SourceDate "2003.05.15"]

1. d4 d5 2. c4 e6 3. Nf3 Nf6 4. Nc3 Be7 5. Bg5 O-O 6. e3 h6 7. Bh4 b6 8. Bd3
Bb7 9. O-O Nbd7 10. Qe2 Ne4 11. Bg3 Nxg3 12. hxg3 c5 13. cxd5 exd5 14. Rad1 Qc7
15. Bb1 Nf6 16. Ne5 a6 17. f4 b5 18. g4 cxd4 19. exd4 b4 20. g5 bxc3 21. gxf6
Bxf6 22. bxc3 Qxc3 23. Rf3 Qc7 24. Ng4 Bh4 25. Rh3 Qe7 26. Nxh6+ gxh6 27. Qg4+
Kh8 28. Qf5 f6 29. Rxh4 Qg7 30. Qh3 Bc8 31. Rxh6+ Kg8 32. Qh5 1-0

[Event "Kiel op 14"]
[Site "Kiel"]
[Date "2001.08.22"]
[Round "7"]
[White "Ivanov, Mikhail M"]
[Black "Haba, Petr"]
[Result "1/2-1/2"]
[WhiteElo "2446"]
[BlackElo "2482"]
[PlyCount "26"]
[EventDate "2001.08.18"]
[EventType "swiss"]
[EventRounds "9"]
[EventCountry "GER"]
[Source "Fruth,M"]
[SourceDate "2003.05.15"]

1. c4 e6 2. d4 d5 3. Nf3 Nf6 4. Bg5 Be7 5. e3 O-O 6. Nc3 h6 7. Bh4 b6 8. cxd5
Nxd5 9. Bxe7 Qxe7 10. Rc1 Bb7 11. Bd3 Rc8 12. O-O Nxc3 13. Rxc3 Nd7 1/2-1/2

[Event "FRA-ch Pool B ploff blitz match"]
[Site "Marsailles"]
[Date "2001.08.20"]
[Round "2"]
[White "Relange, Eloi"]
[Black "Dorfman, Josif D"]
[Result "1-0"]
[WhiteElo "2472"]
[BlackElo "2602"]
[PlyCount "155"]
[EventDate "2001.08.20"]
[EventType "match (blitz)"]
[EventRounds "4"]
[EventCountry "FRA"]
[Source "Fruth,M"]
[SourceDate "2003.05.15"]

1. d4 Nf6 2. c4 e6 3. Nf3 d5 4. Nc3 Be7 5. Bg5 h6 6. Bh4 O-O 7. e3 b6 8. cxd5
Nxd5 9. Bg3 Nxc3 10. bxc3 c5 11. Bd3 Bb7 12. O-O Nd7 13. Qe2 Nf6 14. e4 Nh5 15.
Rad1 Nxg3 16. hxg3 cxd4 17. cxd4 Bf6 18. d5 exd5 19. e5 Re8 20. Bb1 g6 21. Rfe1
Bg7 22. Qd3 Qd7 23. Bc2 Rac8 24. Bb3 Rc5 25. Qd4 Qc7 26. g4 Bc8 27. Bxd5 Be6
28. Bxe6 Rxe6 29. Qd8+ Kh7 30. Qxc7 Rxc7 31. Rd5 Rce7 32. g5 h5 33. Kh2 Rc6 34.
Nd4 Rc5 35. Rxc5 bxc5 36. Nc6 Rc7 37. Na5 c4 38. f4 c3 39. Rc1 Bf8 40. Rc2 Bb4
41. Nb3 a5 42. a4 Rc4 43. Kg3 Ba3 44. Kf3 Bb2 45. Nxa5 Rxa4 46. Nb3 Kg7 47. Nc5
Rd4 48. Ne4 Rd1 49. Nxc3 Rd3+ 50. Ke4 Rxc3 51. Rxb2 Rg3 52. e6 fxe6 53. Rb7+
Kf8 54. Ke5 Rxg2 55. Kf6 Ke8 56. Kxe6 Kd8 57. Rg7 Rf2 58. Rg8+ Kc7 59. Ke5 Re2+
60. Kf6 Re4 61. Kxg6 Rxf4 62. Kxh5 Kd7 63. g6 Ke7 64. Kg5 Rf1 65. Ra8 Rg1+ 66.
Kh6 Rh1+ 67. Kg7 Rg1 68. Ra7+ Ke8 69. Ra6 Ke7 70. Kg8 Rh1 71. g7 Rh2 72. Ra7+
Ke8 73. Ra4 Ke7 74. Re4+ Kd8 75. Kf7 Rf2+ 76. Kg6 Rg2+ 77. Kf6 Rf2+ 78. Kg5 1-0

[Event "FRA-ch Pool B ploff blitz match"]
[Site "Marsailles"]
[Date "2001.08.20"]
[Round "3"]
[White "Relange, Eloi"]
[Black "Dorfman, Josif D"]
[Result "1/2-1/2"]
[WhiteElo "2472"]
[BlackElo "2602"]
[PlyCount "105"]
[EventDate "2001.08.20"]
[EventType "match (blitz)"]
[EventRounds "4"]
[EventCountry "FRA"]
[Source "Fruth,M"]
[SourceDate "2003.05.15"]

1. d4 Nf6 2. c4 e6 3. Nf3 d5 4. Nc3 Be7 5. Bg5 h6 6. Bh4 O-O 7. e3 b6 8. cxd5
Nxd5 9. Bxe7 Nxe7 10. Bd3 Bb7 11. O-O Nd7 12. b4 c5 13. dxc5 bxc5 14. b5 Nd5
15. Ne4 Qe7 16. Nfd2 Ne5 17. Be2 f5 18. Ng3 Nc3 19. Qe1 Bd5 20. f4 Nxe2+ 21.
Qxe2 Nd7 22. e4 fxe4 23. Ndxe4 c4 24. Nc3 Qc5+ 25. Kh1 Nf6 26. Rad1 a6 27. f5
Rae8 28. fxe6 Bxe6 29. Nge4 Nxe4 30. Rxf8+ Qxf8 31. Qxe4 axb5 32. Nxb5 Bf7 33.
Qf3 Qb4 34. Nc3 Qc5 35. h3 Qe5 36. a4 Be6 37. Nb5 Rf8 38. Qc3 Qe2 39. Re1 Rf1+
40. Rxf1 Qxf1+ 41. Kh2 Bd5 42. Qd2 Qf5 43. Qd4 Kh8 44. Nc3 Be6 45. Qe4 Qf6 46.
Qe3 Bg8 47. a5 Qd6+ 48. Qg3 Qa3 49. Qe5 Qa1 50. Kg3 Qa3 51. Kh2 Qa1 52. Kg3 Qa3
53. Kh2 1/2-1/2

[Event "Villa de Mislata IT 1"]
[Site "Mislata"]
[Date "2001.08.23"]
[Round "4.1"]
[White "Lopez Martinez, Jose Manuel"]
[Black "Korneev, Oleg"]
[Result "0-1"]
[WhiteElo "2448"]
[BlackElo "2572"]
[PlyCount "134"]
[EventDate "2001.08.20"]
[EventType "tourn"]
[EventRounds "9"]
[EventCountry "ESP"]
[EventCategory "8"]
[Source "Fruth,M"]
[SourceDate "2003.05.15"]

1. d4 d5 2. c4 e6 3. Nf3 Nf6 4. Nc3 Be7 5. Bg5 h6 6. Bh4 O-O 7. e3 b6 8. Bxf6
Bxf6 9. cxd5 exd5 10. Be2 Be6 11. O-O c5 12. dxc5 bxc5 13. Rc1 Nc6 14. Na4 c4
15. b3 Na5 16. Nc5 Rc8 17. Nxe6 fxe6 18. bxc4 Nxc4 19. Qa4 Qc7 20. Nd2 Nb6 21.
Rxc7 Nxa4 22. Rxa7 Ra8 23. Rxa8 Rxa8 24. Bg4 Kf7 25. Rb1 Nc3 26. Rb7+ Kg6 27.
Bxe6 Rxa2 28. Bf7+ Kh7 29. Nb3 d4 30. exd4 Bxd4 31. Bc4 Bxf2+ 32. Kf1 Be3 33.
Bd3+ Kg8 34. Rc7 Na4 35. Re7 Bb6 36. Re8+ Kf7 37. Ra8 Nc3 38. Bc4+ Ke7 39. Rb8
Be3 40. Rb7+ Kf6 41. Rf7+ Ke5 42. Re7+ Kf4 43. Rf7+ Ke4 44. Rc7 Rf2+ 45. Ke1
Rb2 46. Re7+ Kf4 47. Rf7+ Kg5 48. Bd3 Rxb3 49. Rf5+ Kg4 50. Rf3 Bb6 51. Kd2 Ra3
52. Kc2 Ba5 53. h3+ Kh4 54. Bc4 Ra1 55. Rxc3 Bxc3 56. Kxc3 Kg3 57. Bd5 Rd1 58.
Bf3 Rd8 59. Kc4 Kf4 60. Kc5 Kg5 61. Bd5 h5 62. g3 Re8 63. Kd4 Re1 64. Bf3 Rg1
65. h4+ Kh6 66. Ke3 Rxg3 67. Kf2 Rh3 0-1

[Event "Bratto op 21"]
[Site "Bratto"]
[Date "2001.08.27"]
[Round "6"]
[White "Cebalo, Miso"]
[Black "Dervishi, Erald"]
[Result "1-0"]
[WhiteElo "2476"]
[BlackElo "2491"]
[PlyCount "95"]
[EventDate "2001.08.22"]
[EventType "swiss"]
[EventRounds "9"]
[EventCountry "ITA"]
[Source "Fruth,M"]
[SourceDate "2003.05.15"]

1. d4 d5 2. c4 e6 3. Nf3 Nf6 4. Nc3 Be7 5. Bg5 O-O 6. e3 h6 7. Bh4 b6 8. Rc1
Bb7 9. Bd3 Nbd7 10. O-O a6 11. cxd5 exd5 12. Bb1 c5 13. Ne5 c4 14. f4 b5 15. a3
Re8 16. Qf3 Nf8 17. Rce1 Ne4 18. Bxe7 Rxe7 19. Bxe4 dxe4 20. Qh5 Qe8 21. f5 f6
22. Ng6 Nxg6 23. fxg6 Rd8 24. Rf4 Rd6 25. g4 Bc6 26. h4 Qd8 27. Ref1 Re8 28.
Qc5 Qd7 29. Kh2 Bd5 30. Rf5 Rc8 31. Qb4 Qc7 32. Kh3 Re8 33. a4 bxa4 34. Qxa4
Qc6 35. Qxc6 Bxc6 36. R1f2 Bd7 37. Rc5 Rb6 38. Rc7 Be6 39. d5 Bc8 40. Kg3 Rb4
41. Rf4 Kf8 42. Rxe4 Rxe4 43. Nxe4 Bxg4 44. Kxg4 c3 45. bxc3 Rxe4+ 46. Kf3 Re8
47. Rf7+ Kg8 48. Ra7 1-0

[Event "YUG Cup"]
[Site "Herceg Novi"]
[Date "2001.09.07"]
[Round "5"]
[White "Zontakh, Andrey"]
[Black "Brenjo, Slavisa"]
[Result "1/2-1/2"]
[WhiteElo "2518"]
[BlackElo "2445"]
[PlyCount "78"]
[EventDate "2001.09.03"]
[EventType "team"]
[EventRounds "7"]
[EventCountry "YUG"]
[Source "Fruth,M"]
[SourceDate "2003.05.15"]

1. d4 d5 2. c4 e6 3. Nc3 Be7 4. Nf3 Nf6 5. Bg5 O-O 6. e3 h6 7. Bh4 b6 8. Bd3
Bb7 9. O-O Nbd7 10. Qe2 c5 11. Rfd1 Rc8 12. Bg3 cxd4 13. exd4 Bb4 14. Rac1 dxc4
15. Bxc4 Bxf3 16. gxf3 Bxc3 17. Rxc3 Nd5 18. Bxd5 exd5 19. Rdc1 Rxc3 20. Rxc3
Re8 21. Qa6 Nf8 22. Qxa7 Ne6 23. Qa4 b5 24. Qd1 Qb6 25. Rd3 Rc8 26. b3 Qa5 27.
Qd2 Qxd2 28. Rxd2 Rc1+ 29. Kg2 g5 30. h4 f6 31. hxg5 hxg5 32. Bd6 Kf7 33. Bb8
Kg6 34. Bd6 Kf5 35. Bg3 Kg6 36. Re2 Kf7 37. Rd2 Kg6 38. Re2 Kf7 39. Rd2 Kg6
1/2-1/2

[Event "YUG Cup"]
[Site "Herceg Novi"]
[Date "2001.09.08"]
[Round "6"]
[White "Rajkovic, Dusan"]
[Black "Unreadable"]
[Result "1/2-1/2"]
[WhiteElo "2497"]
[BlackElo "2502"]
[PlyCount "27"]
[EventDate "2001.09.03"]
[EventType "team"]
[EventRounds "7"]
[EventCountry "YUG"]
[Source "Fruth,M"]
[SourceDate "2003.05.15"]

1. d4 d5 2. c4 e6 3. Nc3 Be7 4. Nf3 Nf6 5. Bg5 h6 6. Bh4 O-O 7. e3 b6 8. Rc1
Bb7 9. Bxf6 Bxf6 10. cxd5 exd5 11. b4 c6 12. Qb3 a5 13. bxa5 Rxa5 14. a4
1/2-1/2

[Event "UKR-ch"]
[Site "Ordzhonikidze"]
[Date "2001.09.09"]
[Round "2"]
[White "Zubarev, Alexander1"]
[Black "Malakhatko, Vadim"]
[Result "0-1"]
[WhiteElo "2470"]
[BlackElo "2557"]
[PlyCount "88"]
[EventDate "2001.09.08"]
[EventType "swiss"]
[EventRounds "9"]
[EventCountry "UKR"]
[Source "Fruth,M"]
[SourceDate "2003.05.15"]

1. d4 Nf6 2. Nf3 e6 3. c4 d5 4. Nc3 Be7 5. Bg5 h6 6. Bh4 O-O 7. e3 b6 8. Bd3
Bb7 9. Bxf6 Bxf6 10. cxd5 exd5 11. b4 c6 12. O-O a5 13. b5 c5 14. Rc1 g6 15.
dxc5 bxc5 16. Na4 c4 17. Bc2 Nd7 18. Qd2 Qc7 19. Nc3 Nb6 20. a4 Qc5 21. Rfd1
Rfe8 22. Nd4 Be5 23. h4 h5 24. Rb1 Qe7 25. g3 Qf6 26. Nce2 Bc8 27. Nc6 Bg4 28.
Nxe5 Qxe5 29. Kf1 c3 30. Qd4 Nc4 31. Nxc3 Na3 32. Bb3 Nxb1 33. Qxe5 Rxe5 34.
Rxb1 Rc8 35. Nxd5 Bf3 36. Nb6 Rc3 37. Ke1 Rec5 38. Kd2 Be4 39. Rb2 Rd3+ 40. Ke2
Rd6 41. f3 Bd3+ 42. Kd2 Bxb5+ 43. Bd5 Rcxd5+ 44. Nxd5 Rxd5+ 0-1

[Event "CRO-ch TT"]
[Site "Pula"]
[Date "2001.09.12"]
[Round "3"]
[White "Pinter, Jozsef"]
[Black "Nikolac, Juraj"]
[Result "1-0"]
[WhiteElo "2550"]
[BlackElo "2448"]
[PlyCount "81"]
[EventDate "2001.09.10"]
[EventType "team"]
[EventRounds "9"]
[EventCountry "CRO"]
[Source "Fruth,M"]
[SourceDate "2003.05.15"]

1. d4 Nf6 2. c4 e6 3. Nf3 d5 4. Nc3 Be7 5. Bg5 O-O 6. e3 h6 7. Bh4 b6 8. Bd3
Bb7 9. O-O Nbd7 10. Qe2 Ne4 11. Bg3 Nxg3 12. hxg3 Nf6 13. Rfd1 c5 14. cxd5 exd5
15. Ne5 Bd6 16. Rac1 Re8 17. f4 a6 18. a4 Qe7 19. Re1 cxd4 20. exd4 Bb4 21. Qf3
Qd6 22. Kh2 Rac8 23. Re3 Bxc3 24. bxc3 Rc7 25. Qe2 Ne4 26. Bxe4 dxe4 27. Rb1
Rec8 28. Qb2 f6 29. Ng6 Kh7 30. f5 Qd7 31. g4 Bd5 32. Qa3 b5 33. axb5 axb5 34.
Nf8+ Rxf8 35. Qxf8 Rc4 36. Qb8 Bc6 37. Kh1 Ra4 38. Qb6 Qd5 39. Rf1 Ra2 40. g5
fxg5 41. f6 1-0

[Event "ARM-ch"]
[Site "Yerevan"]
[Date "2001.09.15"]
[Round "3"]
[White "Lputian, Smbat G"]
[Black "Asrian, Karen"]
[Result "1/2-1/2"]
[WhiteElo "2608"]
[BlackElo "2604"]
[PlyCount "21"]
[EventDate "2001.09.13"]
[EventType "tourn"]
[EventRounds "10"]
[EventCountry "ARM"]
[EventCategory "11"]
[Source "Fruth,M"]
[SourceDate "2003.05.15"]

1. d4 d5 2. c4 e6 3. Nc3 Nf6 4. Bg5 Be7 5. e3 h6 6. Bh4 O-O 7. Nf3 b6 8. Be2
Bb7 9. Bxf6 Bxf6 10. cxd5 exd5 11. O-O 1/2-1/2

[Event "EU-ch clubs TT"]
[Site "Retyhmno"]
[Date "2001.??.??"]
[Round "?"]
[White "Ivanov, Sergey"]
[Black "Rustemov, Alexander"]
[Result "1/2-1/2"]
[WhiteElo "2556"]
[BlackElo "2607"]
[PlyCount "86"]
[EventDate "2001.09.24"]
[EventType "team"]
[EventRounds "7"]
[EventCountry "GRE"]
[Source "Fruth,M"]
[SourceDate "2003.05.15"]

1. d4 e6 2. c4 d5 3. Nc3 Be7 4. Nf3 Nf6 5. Bg5 h6 6. Bh4 O-O 7. e3 b6 8. Bd3
Bb7 9. O-O Nbd7 10. Qe2 Ne4 11. Bxe7 Qxe7 12. cxd5 Nxc3 13. bxc3 Bxd5 14. e4
Bb7 15. a4 a5 16. e5 Rfd8 17. Nd2 c5 18. Ne4 Bxe4 19. Qxe4 Nf8 20. Rfd1 Rac8
21. Ba6 Rc7 22. d5 exd5 23. Rxd5 Rxd5 24. Qxd5 Qg5 25. g3 Rd7 26. Qe4 Qd2 27.
Rb1 Qxc3 28. Rxb6 Rd4 29. Qa8 Qe1+ 30. Kg2 Qxe5 31. Rb8 Qd6 32. Bb5 g6 33. Rc8
Kg7 34. Qc6 Qe5 35. h3 Rd1 36. Qe8 Qd5+ 37. f3 Rd2+ 38. Be2 Qd6 39. Kf1 g5 40.
Bc4 Rd1+ 41. Kg2 Rd2+ 42. Kf1 Rd1+ 43. Kg2 Rd2+ 1/2-1/2

[Event "EU-ch clubs TT"]
[Site "Retyhmno"]
[Date "2001.??.??"]
[Round "?"]
[White "Krasenkow, Michal"]
[Black "Lugovoi, Aleksei"]
[Result "1/2-1/2"]
[WhiteElo "2573"]
[BlackElo "2485"]
[PlyCount "27"]
[EventDate "2001.09.24"]
[EventType "team"]
[EventRounds "7"]
[EventCountry "GRE"]
[Source "Fruth,M"]
[SourceDate "2003.05.15"]

1. d4 Nf6 2. c4 e6 3. Nf3 d5 4. Nc3 Be7 5. Bg5 h6 6. Bh4 O-O 7. e3 b6 8. Rb1
Bb7 9. Bxf6 Bxf6 10. b4 dxc4 11. Bxc4 Qc8 12. Qb3 Nd7 13. O-O c5 14. Be2
1/2-1/2

[Event "RUS-ch TT Siberian Zone"]
[Site "Omsk"]
[Date "2001.10.11"]
[Round "7"]
[White "Sherbakov, Vitaly S"]
[Black "Nikitin, Andrey"]
[Result "1/2-1/2"]
[WhiteElo "2415"]
[BlackElo "2506"]
[PlyCount "147"]
[EventDate "2001.10.05"]
[EventType "team"]
[EventRounds "9"]
[EventCountry "RUS"]
[Source "Fruth,M"]
[SourceDate "2003.05.15"]

1. d4 d5 2. Nf3 e6 3. c4 Be7 4. Nc3 Nf6 5. Bg5 h6 6. Bh4 O-O 7. e3 b6 8. Bxf6
Bxf6 9. cxd5 exd5 10. Be2 Be6 11. O-O c5 12. Rc1 Nd7 13. Ne1 cxd4 14. exd4 Re8
15. f4 Nf8 16. Nf3 Bg4 17. Ne5 Bxe2 18. Qxe2 Ne6 19. Rcd1 Nc7 20. Qh5 Rf8 21.
Ng4 Re8 22. Ne5 Rf8 23. Ne2 Rc8 24. Qf5 Nb5 25. Qd3 Nd6 26. Nc3 Nc4 27. Rf2 Qd6
28. b3 Na5 29. Nb5 Qe7 30. Re2 Rfe8 31. Rde1 Bxe5 32. Rxe5 Qd7 33. Nd6 Rxe5 34.
dxe5 Rc7 35. Qxd5 Nb7 36. h3 Nxd6 37. Qxd6 Qxd6 38. exd6 Rd7 39. Re8+ Kh7 40.
Re7 Rxd6 41. Rxf7 a5 42. Rb7 Kg6 43. g4 Rd1+ 44. Kg2 Rd2+ 45. Kg3 Rxa2 46. f5+
Kf6 47. Rxb6+ Kf7 48. Kh4 a4 49. b4 Ra3 50. Ra6 Ke7 51. b5 Kf7 52. b6 Rb3 53.
Ra7+ Kf6 54. Rxa4 Rxb6 55. Kh5 Rb1 56. Ra6+ Kf7 57. h4 Rg1 58. Ra2 Kf6 59. Ra4
Rg2 60. Ra1 Kf7 61. Ra7+ Kf6 62. Ra6+ Kf7 63. g5 hxg5 64. hxg5 Rh2+ 65. Kg4
Rg2+ 66. Kf4 Rf2+ 67. Ke4 Re2+ 68. Kf3 Re1 69. Ra7+ Kf8 70. Kg4 Rh1 71. Ra8+
Kf7 72. Ra7+ Kf8 73. Ra5 Kf7 74. Ra7+ 1/2-1/2

[Event "SWE Elitserien TT 200102"]
[Site "Norrkoeping"]
[Date "2001.10.12"]
[Round "1"]
[White "Gausel, Einar"]
[Black "Akesson, Ralf"]
[Result "1/2-1/2"]
[WhiteElo "2520"]
[BlackElo "2437"]
[PlyCount "109"]
[EventDate "2001.10.12"]
[EventType "team"]
[EventRounds "11"]
[EventCountry "SWE"]
[Source "Fruth,M"]
[SourceDate "2003.05.15"]

1. d4 Nf6 2. c4 e6 3. Nf3 d5 4. Nc3 Be7 5. Bg5 O-O 6. e3 h6 7. Bh4 b6 8. Rc1
Bb7 9. Bxf6 Bxf6 10. cxd5 exd5 11. Bd3 c5 12. O-O Qe7 13. Bb1 Rd8 14. Re1 Nd7
15. a3 Nf8 16. Qa4 Ne6 17. Rcd1 g6 18. Ba2 a6 19. Qb3 Qc7 20. dxc5 Nxc5 21. Qb4
a5 22. Qg4 h5 23. Qh3 Bxc3 24. bxc3 Ne4 25. Rc1 Nxc3 26. Nd4 Rac8 27. Bb1 Qe7
28. Qg3 Qf6 29. Bd3 Rc5 30. h4 Rdc8 31. Rc2 Na4 32. f4 Rc3 33. Rd2 Nc5 34. Bb1
Ba6 35. f5 Nd3 36. Bxd3 Bxd3 37. Rf2 Be4 38. fxg6 Qxg6 39. Qe5 Rc1 40. Rxc1
Rxc1+ 41. Kh2 Kh7 42. Qe7 Rf1 43. Ne6 Rxf2 44. Nf8+ Kg7 45. Nxg6 Rxg2+ 46. Kh3
Kxg6 47. Qd6+ f6 48. Qxb6 Re2 49. a4 Kf5 50. Qa7 Kg6 51. Qc5 Kf5 52. Qb6 Kg6
53. Qc7 Bg2+ 54. Kg3 Be4 55. Qc5 1/2-1/2

[Event "SLO-ch TT"]
[Site "Bled"]
[Date "2001.10.23"]
[Round "6"]
[White "Soln, Primoz"]
[Black "Atalik, Suat"]
[Result "0-1"]
[WhiteElo "2415"]
[BlackElo "2527"]
[PlyCount "82"]
[EventDate "2001.10.18"]
[EventType "team"]
[EventRounds "7"]
[EventCountry "SLO"]
[Source "Fruth,M"]
[SourceDate "2003.05.15"]

1. d4 d5 2. c4 e6 3. Nf3 Nf6 4. Nc3 Be7 5. Bg5 h6 6. Bh4 O-O 7. e3 b6 8. cxd5
Nxd5 9. Bxe7 Qxe7 10. Nxd5 exd5 11. Rc1 Be6 12. Qc2 Rc8 13. Bd3 c5 14. dxc5
bxc5 15. Nd4 Bd7 16. O-O g6 17. Ne2 c4 18. Bxg6 fxg6 19. Qxg6+ Qg7 20. Qd6 Kh8
21. Nf4 Rg8 22. g3 a5 23. Qxd5 Ra6 24. Rxc4 Bc6 25. Qf5 Nd7 26. Rc3 Ne5 27. Ne6
Nf3+ 28. Qxf3 Bxf3 29. Nxg7 Rxg7 30. Re1 Re7 31. b3 Kg7 32. Rc4 Rd6 33. Rf4 Rf7
34. e4 Rd4 35. e5 Rfxf4 36. gxf4 Rxf4 37. h3 h5 38. e6 Re4 39. Re3 Rxe3 40.
fxe3 h4 41. e7 Kf7 0-1

[Event "AUT-ch TT 200102"]
[Site "AUT"]
[Date "2002.01.17"]
[Round "5.6"]
[White "Hertneck, Gerald"]
[Black "Boensch, Uwe"]
[Result "1/2-1/2"]
[WhiteElo "2570"]
[BlackElo "2542"]
[PlyCount "43"]
[EventDate "2001.10.31"]
[EventType "team"]
[EventRounds "11"]
[EventCountry "AUT"]
[Source "Fruth,M"]
[SourceDate "2003.05.15"]

1. d4 Nf6 2. c4 e6 3. Nf3 d5 4. Nc3 Be7 5. Bg5 h6 6. Bh4 O-O 7. e3 b6 8. Bd3
Bb7 9. O-O Ne4 10. Bxe7 Qxe7 11. Rc1 c5 12. cxd5 exd5 13. dxc5 bxc5 14. Bxe4
dxe4 15. Nd2 Ba6 16. Re1 Bd3 17. Qa4 f5 18. Qa3 Na6 19. Na4 Rab8 20. Nxc5 Nxc5
21. Nb3 Qf6 22. Nxc5 1/2-1/2

[Event "Durres IT"]
[Site "Durres"]
[Date "2001.??.??"]
[Round "2"]
[White "Rajkovic, Dusan"]
[Black "Cabrilo, Goran"]
[Result "1/2-1/2"]
[WhiteElo "2515"]
[BlackElo "2495"]
[PlyCount "27"]
[EventDate "2001.11.??"]
[EventType "tourn"]
[EventRounds "9"]
[EventCountry "ALB"]
[EventCategory "8"]
[Source "Fruth,M"]
[SourceDate "2003.05.15"]

1. d4 d5 2. c4 e6 3. Nc3 Be7 4. Nf3 Nf6 5. Bg5 O-O 6. e3 h6 7. Bh4 b6 8. Rc1
Bb7 9. Bxf6 Bxf6 10. cxd5 exd5 11. b4 c6 12. Be2 Re8 13. O-O Qd6 14. Qb3
1/2-1/2

[Event "Durres IT"]
[Site "Durres"]
[Date "2001.??.??"]
[Round "9"]
[White "Rajkovic, Dusan"]
[Black "Dervishi, Erald"]
[Result "1/2-1/2"]
[WhiteElo "2515"]
[BlackElo "2500"]
[PlyCount "22"]
[EventDate "2001.11.??"]
[EventType "tourn"]
[EventRounds "9"]
[EventCountry "ALB"]
[EventCategory "8"]
[Source "Fruth,M"]
[SourceDate "2003.05.15"]

1. d4 d5 2. c4 e6 3. Nc3 Nf6 4. Bg5 Be7 5. e3 O-O 6. Nf3 h6 7. Bh4 b6 8. Rc1
Bb7 9. Bxf6 Bxf6 10. cxd5 exd5 11. b4 c6 1/2-1/2

[Event "Serpukhov T B"]
[Site "Serpukhov"]
[Date "2002.??.??"]
[Round "3"]
[White "Zhidkov, Valery S"]
[Black "Samarin, Igor"]
[Result "1/2-1/2"]
[WhiteElo "2406"]
[BlackElo "2408"]
[PlyCount "20"]
[EventDate "2002.??.??"]
[EventType "tourn"]
[EventRounds "13"]
[EventCountry "RUS"]
[EventCategory "1"]
[Source "Fruth,M"]
[SourceDate "2003.05.15"]

1. d4 d5 2. c4 e6 3. Nf3 Nf6 4. Nc3 Be7 5. Bg5 O-O 6. e3 h6 7. Bh4 b6 8. cxd5
exd5 9. Be2 Be6 10. Ne5 Nfd7 1/2-1/2

[Event "Corus A IT"]
[Site "Wijk aan Zee"]
[Date "2002.01.21"]
[Round "8"]
[White "Piket, Jeroen"]
[Black "Kasimdzhanov, Rustam"]
[Result "1/2-1/2"]
[WhiteElo "2659"]
[BlackElo "2695"]
[PlyCount "128"]
[EventDate "2002.01.12"]
[EventType "tourn"]
[EventRounds "13"]
[EventCountry "NED"]
[EventCategory "18"]
[Source "Fruth,M"]
[SourceDate "2003.05.15"]

1. d4 Nf6 2. c4 e6 3. Nc3 d5 4. Bg5 Be7 5. e3 h6 6. Bh4 O-O 7. Nf3 b6 8. cxd5
Nxd5 9. Bxe7 Qxe7 10. Nxd5 exd5 11. Rc1 Be6 12. Qa4 c5 13. Qa3 Rc8 14. Be2 Kf8
15. dxc5 bxc5 16. O-O Nd7 17. Rc3 Nf6 18. Rfc1 Ne4 19. R3c2 c4 20. Qxe7+ Kxe7
21. Nd4 Bd7 22. Bf3 Nf6 23. h3 Kd6 24. Rd2 Rab8 25. g4 Rc5 26. Kg2 Ke7 27. Kg3
Ra5 28. b3 Rc8 29. Bg2 cxb3 30. Nxb3 Rxc1 31. Nxc1 Be6 32. Nb3 Ra3 33. Nd4 g5
34. Rb2 Ne4+ 35. Bxe4 dxe4 36. Rb7+ Kf6 37. Nb5 Rxa2 38. Nxa7 Ra1 39. Kg2 Rc1
40. Rb6 Rc5 41. Nc6 Kg6 42. Nd4 Re5 43. Nxe6 fxe6 44. Rb4 h5 45. Kf1 hxg4 46.
hxg4 Kf6 47. Ke2 Ke7 48. Kd2 Kf6 49. Kc3 Ra5 50. Rxe4 Ra2 51. f3 Rf2 52. f4 Rg2
53. fxg5+ Kxg5 54. Rxe6 Rxg4 55. e4 Rg1 56. Kd4 Ra1 57. Rd6 Kf4 58. Rf6+ Kg5
59. Rf5+ Kg6 60. Rd5 Kf6 61. Rd6+ Ke7 62. Ke5 Ra5+ 63. Rd5 Rxd5+ 64. Kxd5 Kd7
1/2-1/2

[Event "Corus B IT"]
[Site "Wijk aan Zee"]
[Date "2002.01.16"]
[Round "2"]
[White "Krasenkow, Michal"]
[Black "Werle, Jan"]
[Result "1-0"]
[WhiteElo "2632"]
[BlackElo "2481"]
[PlyCount "77"]
[EventDate "2002.01.15"]
[EventType "tourn"]
[EventRounds "11"]
[EventCountry "NED"]
[EventCategory "11"]
[Source "Fruth,M"]
[SourceDate "2003.05.15"]

1. Nf3 Nf6 2. c4 e6 3. Nc3 d5 4. d4 Be7 5. Bg5 O-O 6. e3 h6 7. Bh4 b6 8. Rb1 c6
9. b4 Ba6 10. b5 cxb5 11. Bxf6 Bxf6 12. cxd5 exd5 13. Bxb5 Bb7 14. O-O Nc6 15.
Qd3 Qd6 16. Rfc1 Rac8 17. Qf1 Ba8 18. Ba6 Rcd8 19. Nb5 Qe7 20. Rc3 Nb8 21. Na3
Rd7 22. Rbc1 Nxa6 23. Qxa6 Bb7 24. Qa4 a6 25. Nb1 Qd6 26. Nbd2 Bd8 27. Ne5 Rc7
28. g3 Rxc3 29. Rxc3 Bc7 30. Qc2 Bb8 31. Nc6 Re8 32. Nf3 Qf6 33. Nxb8 Qxf3 34.
Nd7 h5 35. Rc7 h4 36. Rxb7 h3 37. Kf1 Qg2+ 38. Ke2 Qxh2 39. Qf5 1-0

[Event "Bijeljina Dvorovi"]
[Site "Bijeljina Dvorovi"]
[Date "2002.01.26"]
[Round "1"]
[White "Dumitrache, Dragos"]
[Black "Ionescu, Constantin"]
[Result "1/2-1/2"]
[WhiteElo "2506"]
[BlackElo "2481"]
[PlyCount "25"]
[EventDate "2002.01.26"]
[EventType "tourn"]
[EventRounds "9"]
[EventCountry "YUG"]
[EventCategory "9"]
[Source "Fruth,M"]
[SourceDate "2003.05.15"]

1. d4 e6 2. c4 Nf6 3. Nc3 d5 4. Bg5 Be7 5. Nf3 h6 6. Bh4 O-O 7. e3 b6 8. Be2
Bb7 9. O-O Nbd7 10. cxd5 Nxd5 11. Bxe7 Qxe7 12. Nxd5 Bxd5 13. Rc1 1/2-1/2

[Event "FRA-ch TT"]
[Site "FRA"]
[Date "2002.03.31"]
[Round "6.2"]
[White "Delchev, Aleksander"]
[Black "Dorfman, Josif D"]
[Result "1/2-1/2"]
[WhiteElo "2591"]
[BlackElo "2602"]
[PlyCount "83"]
[EventDate "2002.02.??"]
[EventType "team"]
[EventRounds "11"]
[EventCountry "FRA"]
[Source "Fruth,M"]
[SourceDate "2003.05.15"]

1. c4 Nf6 2. Nf3 e6 3. Nc3 d5 4. d4 Be7 5. Bg5 h6 6. Bh4 O-O 7. e3 b6 8. Rc1
Bb7 9. Bxf6 Bxf6 10. cxd5 exd5 11. Bd3 Nd7 12. O-O c5 13. Bf5 g6 14. Bh3 Re8
15. Re1 Nf8 16. Re2 a6 17. Rd2 c4 18. a4 Bc6 19. g3 b5 20. Ne5 Bxe5 21. dxe5
Rxe5 22. Bg2 Ra7 23. e4 d4 24. Rxd4 Rd7 25. Rxd7 Nxd7 26. Qd4 Qb6 27. Qxb6 Nxb6
28. axb5 axb5 29. f4 Rc5 30. Na2 Na4 31. Rc2 Kf8 32. Kf2 Ke7 33. Ke3 f5 34. Kd4
fxe4 35. Nc3 Kd6 36. Bxe4 Nxc3 37. bxc3 Bxe4 38. Kxe4 Rd5 39. g4 Rd3 40. f5
gxf5+ 41. gxf5 Ke7 42. Rb2 1/2-1/2

[Event "Moscow Aeroflot op"]
[Site "Moscow"]
[Date "2002.02.08"]
[Round "6"]
[White "Rychagov, Andrey"]
[Black "Shabalov, Alexander"]
[Result "0-1"]
[WhiteElo "2544"]
[BlackElo "2606"]
[PlyCount "78"]
[EventDate "2002.02.04"]
[EventType "swiss"]
[EventRounds "9"]
[EventCountry "RUS"]
[Source "Fruth,M"]
[SourceDate "2003.05.15"]

1. d4 Nf6 2. c4 e6 3. Nc3 d5 4. Bg5 Be7 5. e3 O-O 6. Nf3 h6 7. Bh4 b6 8. Bd3 c5
9. O-O cxd4 10. Nxd4 Bb7 11. Bxf6 Bxf6 12. cxd5 exd5 13. Nce2 Nd7 14. Rc1 Nc5
15. Bb1 a5 16. Nf4 g6 17. Qg4 Bg7 18. Rfd1 Qg5 19. Qe2 Rfe8 20. g3 Rad8 21. h4
Qf6 22. a3 Ba6 23. Qg4 Bc4 24. b4 Nb3 25. Nxb3 Bxb3 26. Bc2 a4 27. Bxb3 axb3
28. Rb1 b2 29. Nxd5 Qe5 30. Qc4 Kh7 31. Qb3 Qe4 32. Nf4 b5 33. Rd3 Rc8 34. Ne2
Red8 35. Rxd8 Rxd8 36. Qa2 Rd2 37. Nd4 Bxd4 38. exd4 Qf5 39. f4 Qe6 0-1